000
00206nam a2200085Ia 4500
008
170620s9999 xx 000 0 und d
100
_a
Rani- T. Swarupa
245
0
_a
Teaching of Mathematics
260
_b
New Delhi- A.P.H
260
_c
2011
999
_c
25997
_d
25997